00652cam a22002057a 4500003000500000005001700005008004100022010001000063011001000073035001000083040000900093100002300102245006300125260002800188300001000216490007100226650002900297710004900326830007100375CHAP20220817042602.0971013s1971 r 00010 d a48887 a49859 a54009 cCHAP00aPerroux, Francois.13aLa creación colectiva en la economía de nuestro tiempo aMéxico :bUNAM,c1971 a38 p. 0aSeminario de problemas científicos y filósoficos. Supl. III/1014aEconomíaxFilosofía.0 aUniversidad Nacional Autónoma de México.0 aSeminario de problemas científicos y filósoficos. Supl. III/10